000 00546nam a22001817a 4500
003 MPLRDC
005 20220104201938.0
008 210129b ||||| |||| 00| 0 eng d
020 _a978-967-12026-5-4
082 _a719.386 ZYH-3
100 _a卓衍豪(左眼)
245 _a自游马来西亚2
_c
260 _a马来西亚
_b大马路文化有限公司
_c2017
300 _b
520 _a上架 2017-09-02。 2019-02-25 弄湿--pg.下方。
650 _a东南亚;中南半岛游记--马来西亚
942 _cBK
_o719.386 ZYH-3
999 _c67407
_d67397